00572nam a22001697a 4500003000400000005001700004008004100021040000900062100002300071245011700094260004100211260002800252300001000280490004200290650003400332650003600366OSt20131018171144.0130620b - ||||| |||| 00| 0 eng d cCDMR1 aCardús, Salvador14aThe circulation of daily newspapers in the Catalan-speaking areas between 1976 and 1996cSalvador Cardús i Ros aSheffieldbThe Anglo-Catalan Society bHallamshire Pressc1999 a28 p.0 aThe Annual Joan Gili Memorial Lecture04aDiaris catalansxCirculació04aDiarisxCirculacióy1976-1996